00919nam a2200229 a 450000100100000000500170001000800410002702000150006804000250008308200150010824501160012326000490023930000280028849000350031650000210035150000380037250400690041070000350047983000420051495201180055699900150067400000453120200929151443.0090723s2006 sp a 001 0 spa d a8496515281 aDO-SdBNPbspacBNPHU axxxbP769t03aLa política de transporte europea :bel papel del análisis económico /cGinés de Rus Mendoza, director. aBilbao, España :bFundación BBVA,c2006. a329 P. :bil. ;c24 cm.1 aArte Gráfico Contemporáneo aIncluye índice aIncluye notas al pie de páginas aIncluye referencias bibliográficas al final de los capítulos1 aRus Mendoza, Ginés de913233 0aArte Gráfico Contemporáneo913234 001054708MOaGRbGRcCTd2009-07-23iLF1l0oxxx P769tp4531-10r2020-06-25w2020-06-25y4ZPréstamo en sala c4340d4340